Volatilidad externa, crecimiento y política económica internas /

El autor examina cómo la desaceleración de la economía mundial, en medio de una extrema debilidad fiscal y externa de la economía de Estados Unidos, también plantea un examen del rol de América Latina en la globalización, luego de 10 años de políticas de ajuste estructural aplicadas según las receta...

Full description

Saved in:
Bibliographic Details
Main Author: Graña, Alberto
Format: Text
Subjects:
Tags: Add Tag
No Tags, Be the first to tag this record!

MARC

LEADER 00000 a a2200000 04500
001 10781
003
040
100 |a Graña, Alberto  
245 |a Volatilidad externa, crecimiento y política económica internas /  |c Alberto Graña  
500 |a Resumen también en inglés en páginas 180  
520 |a El autor examina cómo la desaceleración de la economía mundial, en medio de una extrema debilidad fiscal y externa de la economía de Estados Unidos, también plantea un examen del rol de América Latina en la globalización, luego de 10 años de políticas de ajuste estructural aplicadas según las recetas del Consenso de Washington. Asimismo señala que una nueva política económica debería estar precedida de genuinos contratos sociales y pluriculturales a escala nacional y regional  
650 |a ECONOMIA  
650 |a INVERSIONES EXTRANJERAS  
650 |a DESARROLLO HUMANO  
650 |a MACROECONOMIA  
650 |a INVERSIONES EXTRANJERAS  
650 |a POBREZA  
773 |g número 199; páginas 141-159  
999 |c 19732  |d 19732